<?xml version="1.0" encoding="UTF-8"?>
<record
    xmlns:xsi="http://www.w3.org/2001/XMLSchema-instance"
    xsi:schemaLocation="http://www.loc.gov/MARC21/slim http://www.loc.gov/standards/marcxml/schema/MARC21slim.xsd"
    xmlns="http://www.loc.gov/MARC21/slim">

  <leader>02845nam a22002537a 4500</leader>
  <controlfield tag="003">OSt</controlfield>
  <controlfield tag="005">20251031143711.0</controlfield>
  <controlfield tag="008">251031b        |||||||| |||| 00| 0 eng d</controlfield>
  <datafield tag="020" ind1=" " ind2=" ">
    <subfield code="a">9587100174</subfield>
  </datafield>
  <datafield tag="037" ind1=" " ind2=" ">
    <subfield code="b">Donaci&#xF3;n</subfield>
  </datafield>
  <datafield tag="040" ind1=" " ind2=" ">
    <subfield code="a">CO-JMCR</subfield>
    <subfield code="b">spa</subfield>
    <subfield code="c">CO-JMCR</subfield>
    <subfield code="d">CO-JMCR</subfield>
    <subfield code="e">rda</subfield>
  </datafield>
  <datafield tag="041" ind1="0" ind2=" ">
    <subfield code="a">spa</subfield>
  </datafield>
  <datafield tag="082" ind1="0" ind2="4">
    <subfield code="a">342.4 </subfield>
    <subfield code="b">R89c </subfield>
  </datafield>
  <datafield tag="100" ind1="1" ind2=" ">
    <subfield code="a">Rozo Acu&#xF1;a, Eduardo,</subfield>
    <subfield code="9">1697</subfield>
  </datafield>
  <datafield tag="245" ind1="1" ind2="3">
    <subfield code="a">La carta constitucional de la Uni&#xF3;n Europea / </subfield>
    <subfield code="c">Eduardo Rozo Acu&#xF1;a.</subfield>
  </datafield>
  <datafield tag="260" ind1="3" ind2=" ">
    <subfield code="a">Bogot&#xE1; : </subfield>
    <subfield code="b">Universidad Externado de Colombia, </subfield>
    <subfield code="c">2005.</subfield>
  </datafield>
  <datafield tag="300" ind1=" " ind2=" ">
    <subfield code="a">307 p&#xE1;ginas ; </subfield>
    <subfield code="c">24 cm.</subfield>
  </datafield>
  <datafield tag="505" ind1="0" ind2=" ">
    <subfield code="a">El tratado para la creaci&#xF3;n de la Constituci&#xF3;n Pol&#xED;tica de la Uni&#xF3;n Europea -- El proceso de aprobaci&#xF3;n del proyecto de constituci&#xF3;n -- El esquema constitucional previsto -- An&#xE1;lisis general del contenido de la Constituci&#xF3;n Pol&#xED;tica Europea -- Consideraciones de s&#xED;ntesis sobre algunos aspectos especiales de la Constituci&#xF3;n Europea -- Texto de la constituci&#xF3;n pol&#xED;tica Europea -- Tratado por el que se establece una constituci&#xF3;n para Europa -- Carta de los derechos fundamentales de la Uni&#xF3;n -- De las pol&#xED;ticas y el funcionamiento de la Uni&#xF3;n -- Disposiciones Generales y Finales.</subfield>
  </datafield>
  <datafield tag="520" ind1="3" ind2=" ">
    <subfield code="a">La conferencia de jefes de Estado y de Gobierno de los pa&#xED;ses miembros de la Uni&#xF3;n Europea, reunida en Roma el 19 de octubre 2004, proclam&#xF3; la constituci&#xF3;n pol&#xED;tica de la Uni&#xF3;n Europea. El parlamento Europeo, en su sesi&#xF3;n del 12 de enero de 2005, la confirm&#xF3; con el voto favorable de dos tercios de los parlamentarios. Hasta el momento ha sido aprobado por 12 Estados miembros, pero Francia y Holanda, con refer&#xE9;ndum popular, han rechazado su aprobaci&#xF3;n. Sin embargo, todo permite imaginar que este obst&#xE1;culo podr&#xE1; superarse muy pronto y que la Carta ser&#xE1; aprobada en &#xFA;ltimas por estos dos pa&#xED;ses. Con la carta pol&#xED;tica nace un nuevo Estado de Derecho, la Uni&#xF3;n Europea, que concluye en gran forma medio siglo de grandes esfuerzos comunitarios y abre una nueva era para sus actuales 25 Estados miembros que se han unido en el respeto de su diversidad. La nueva Uni&#xF3;n Europea comprende 450 millones de ciudadanos que viven en un espacio, cada vez m&#xE1;s integrado, de dignidad humana, libertad, democracia, igualdad, justicia, paz, bienestar y seguridad. El conocimiento y la conciencia del orden jur&#xED;dico - constitucional de la Uni&#xF3;n Europea son fundamentales para que en Europa esta nueva y grande realidad tenga &#xE9;xito que merece y para que los dem&#xE1;s Estados, especialmente los latinoamericanos, tengan un oriente m&#xE1;s en sus esfuerzos por alcanzar su desarrollo pol&#xED;tico.</subfield>
  </datafield>
  <datafield tag="650" ind1=" " ind2="7">
    <subfield code="a">Derechos humanos</subfield>
    <subfield code="z">Pa&#xED;ses de la Uni&#xF3;n Europea.</subfield>
    <subfield code="2">JMCR</subfield>
    <subfield code="9">44413</subfield>
  </datafield>
  <datafield tag="651" ind1=" " ind2="7">
    <subfield code="a">Pa&#xED;ses de la Uni&#xF3;n Europea</subfield>
    <subfield code="x">Derecho constitucional.</subfield>
    <subfield code="2">JMCR</subfield>
    <subfield code="9">44414</subfield>
  </datafield>
  <datafield tag="651" ind1=" " ind2="7">
    <subfield code="a">Pa&#xED;ses de la Uni&#xF3;n Europea</subfield>
    <subfield code="v">Tratados internacionales.</subfield>
    <subfield code="2">JMCR</subfield>
    <subfield code="9">44415</subfield>
  </datafield>
  <datafield tag="942" ind1=" " ind2=" ">
    <subfield code="2">ddc</subfield>
    <subfield code="c">BK</subfield>
  </datafield>
  <datafield tag="999" ind1=" " ind2=" ">
    <subfield code="c">31107</subfield>
    <subfield code="d">17491</subfield>
  </datafield>
  <datafield tag="952" ind1=" " ind2=" ">
    <subfield code="0">0</subfield>
    <subfield code="1">0</subfield>
    <subfield code="2">ddc</subfield>
    <subfield code="4">0</subfield>
    <subfield code="7">0</subfield>
    <subfield code="8">NFIC</subfield>
    <subfield code="a">CPL</subfield>
    <subfield code="b">CPL</subfield>
    <subfield code="c">CART</subfield>
    <subfield code="d">2024-02-22</subfield>
    <subfield code="l">0</subfield>
    <subfield code="o">342.4  R89c </subfield>
    <subfield code="p">201812628</subfield>
    <subfield code="r">2025-10-31 14:38:54</subfield>
    <subfield code="t">Ej.1</subfield>
    <subfield code="w">2025-10-31</subfield>
    <subfield code="y">BK</subfield>
  </datafield>
</record>
